000 00891caa a22002417a 4500
999 _c407842
_d407842
001 121785
003 UA-OsUOA
005 20200220151114.0
007 ta
008 20170329b un ||||| |||| 00| 0 ukr d
040 _aUA-OsUOA
_bukr
_cUA-OsUOA
_dUA-OsUOA
041 _aukr
080 _a908
090 _a908
_bР14
100 _aРагаускене Р.
245 _aВолодіння Костянтина Острозького та його релігійна і меценатська діяльність у Литві
_cР. Рагаускене
300 _aС. 83–93
650 7 _a908 Краєзнавство
_2UDC
773 0 _0351403
_9231650
_dК. Балтія-Друк 2006
_o147141
_tКнязі Острозькі
_w(UA-OsUOA) 109426
_z978-611-516-009-9
942 _cBKA
_2udc
955 _a1